Zákon o alternatívnom riešení spotrebiteľských sporov s komentárom
Nový zákon č. 391/2015 Z.z. o alternatívnom riešení spotrebiteľských sporov nadobudol účinnosť 1.2.2016 - jeho cieľ a právne oblasti, ktorých sa týka. Dopad nového zákona na ďalšie právne predpisy. Iné formy riešenia sporov - mediácia a rozhodcovské konanie.
Salvato in:
| Autore principale: | |
|---|---|
| Natura: | Capitolo di libro |
| Lingua: | slovacco |
| Soggetti: | |
| Tags: |
Nessun Tag, puoi essere il primo ad aggiungerne!!
|
MARC
| LEADER | 00000naa a2200000 4500 | ||
|---|---|---|---|
| 001 | 0217079 | ||
| 005 | 20231120105034.7 | ||
| 041 | 0 | |a slo | |
| 044 | |a SK | ||
| 245 | 1 | 0 | |a Zákon o alternatívnom riešení spotrebiteľských sporov s komentárom |c Andrea Berková |
| 520 | |a Nový zákon č. 391/2015 Z.z. o alternatívnom riešení spotrebiteľských sporov nadobudol účinnosť 1.2.2016 - jeho cieľ a právne oblasti, ktorých sa týka. Dopad nového zákona na ďalšie právne predpisy. Iné formy riešenia sporov - mediácia a rozhodcovské konanie. | ||
| 610 | 2 | 0 | |a spotrebitelia |
| 610 | 2 | 0 | |a právo spotrebiteľské |
| 610 | 2 | 0 | |a konanie rozhodcovské |
| 610 | 2 | 0 | |a mediácia |
| 610 | 2 | 0 | |a úpravy právne |
| 100 | 1 | |a Berková, Andrea | |